[Event "Munich OIS op"]
[Site "Munich"]
[Date "2007.09.29"]
[Round "1"]
[White "Jovanovic, Momir"]
[Black "Koepke, Christian"]
[Result "0-1"]
[WhiteElo "2064"]
[BlackElo "2295"]
[PlyCount "94"]
[EventDate "2007.09.29"]
[EventType "swiss"]
[EventRounds "9"]
[EventCountry "GER"]
[SourceTitle "CBM 120 Extra"]
[Source "ChessBase"]
[SourceDate "2007.11.01"]
[SourceVersion "1"]
[SourceVersionDate "2007.11.01"]
[SourceQuality "1"]

1. b4 e5 2. Bb2 Bxb4 3. Bxe5 Nf6 4. c4 0-0 5. a3 Ba5 6. e3 Re8 7. Nf3 d5 8. cxd5 Nxd5 9. h3 Nc6 10. Bb2 Nf4 11. Qc2 Be6 12. Nc3 Nd5 13. Be2 Qd7 14. Nb5 Bf5 15. Qb3 Rad8 16. Nbd4 Nxd4 17. Bxd4 Bb6 18. Bxb6 axb6 19. d4 Qd6 20. Ne5 f6 21. Nc4 Qe6 22. Nd2 Kh8 23. Bc4 Qd7 24. 0-0 Be6 25. Rfc1 Bg8 26. Nf1 f5 27. Qc2 Re7 28. Bd3 Rf8 29. Nh2 g5 30. Nf3 Rg7 31. Ne5 Qe6 32. Bc4 Qd6 33. Qb2 g4 34. h4 g3 35. Re1 gxf2+ 36. Qxf2 f4 37. e4 Ne3 38. Bf1 Qxd4 39. Nf3 Qxe4 40. Ng5 Qf5 41. Rac1 h6 42. Nf3 Bd5 43. Rc3 Rfg8 44. Rcxe3 fxe3 45. Rxe3 Bxf3 46. Rxf3 Qc5 47. Re3 Rf8 0-1

[Event "Munich-ch MK"]
[Site "Munich"]
[Date "2006.02.05"]
[Round "6"]
[White "Niebergall, Gerhard"]
[Black "Jovanovic, Momir"]
[Result "1-0"]
[WhiteElo "2140"]
[BlackElo "2078"]
[PlyCount "73"]
[EventDate "2006.01.20"]
[EventType "tourn"]
[EventRounds "11"]
[EventCountry "GER"]
[SourceTitle "EXT 2007"]
[Source "ChessBase"]
[SourceDate "2006.11.23"]
[SourceVersion "1"]
[SourceVersionDate "2006.11.23"]
[SourceQuality "1"]

1. e4 e6 2. d4 a6 3. Nf3 b5 4. Bd3 Bb7 5. 0-0 Nf6 6. Re1 c5 7. c3 d5 8. e5 Nfd7 9. Ng5 g6 10. Qg4 Qe7 11. Nxh7 cxd4 12. Bg5 Qc5 13. Nf6+ Nxf6 14. Bxf6 Rg8 15. cxd4 Qb4 16. Nc3 Qxb2 17. Ne2 Bh6 18. a3 Nc6 19. Qh4 Bf8 20. Qh7 Qd2 21. Red1 Qh6 22. Qxg8 Nxe5 23. h4 Nc4 24. Bg5 Qg7 25. Qxg7 Bxg7 26. Rab1 Bf8 27. a4 b4 28. a5 Bc6 29. Nc1 Na3 30. Rb2 Nc4 31. Rc2 Bb5 32. Nb3 Kd7 33. Rdc1 Ra7 34. Nd2 Na3 35. Bxb5+ Nxb5 36. Rc8 Bg7 37. Rd8# 1-0

[Event "Munich-ch VM1"]
[Site "Munich"]
[Date "2003.02.14"]
[Round "7"]
[White "Engl, Heinz"]
[Black "Jovanovic, Momir"]
[Result "0-1"]
[WhiteElo "2031"]
[BlackElo "1901"]
[PlyCount "84"]
[EventDate "2003.01.17"]
[EventType "tourn"]
[EventRounds "9"]
[EventCountry "GER"]
[SourceTitle "EXT 2006"]
[Source "ChessBase"]
[SourceDate "2005.11.24"]
[SourceVersion "1"]
[SourceVersionDate "2005.11.24"]
[SourceQuality "1"]

1. e4 e6 2. d4 a6 3. c4 b6 4. Nc3 Bb7 5. a3 c5 6. d5 exd5 7. cxd5 d6 8. f4 Nd7 9. Nf3 f6 10. Bd3 Ne7 11. 0-0 Qc7 12. Qe2 b5 13. Bd2 g6 14. Bxb5 axb5 15. Nxb5 Qb6 16. e5 Nxd5 17. exf6+ Kd8 18. Ng5 c4+ 19. Kh1 Qxb5 20. Rac1 Ra4 21. Nf7+ Kc7 22. Nxh8 N5xf6 23. Bb4 Bd5 24. b3 Rxb4 25. axb4 Qxb4 26. bxc4 Be4 27. Nf7 Nc5 28. Rfd1 Bf5 29. Ng5 Bg4 30. Qd2 Qxd2 31. Rxd2 Nb3 32. Rdc2 Nxc1 33. Rxc1 h6 34. Nf3 Nh5 35. Nd4 Bg7 36. Nb5+ Kc6 37. h3 Be2 38. Rc2 Nxf4 39. Kh2 Bd3 40. Rd2 Be5 41. g3 Bxc4 42. Na3 Bb3 0-1

[Event "Munich-ch VM1"]
[Site "Munich"]
[Date "2003.02.02"]
[Round "6"]
[White "Jovanovic, Momir"]
[Black "Pappenheim, Rainer"]
[Result "0-1"]
[WhiteElo "1901"]
[BlackElo "1996"]
[PlyCount "122"]
[EventDate "2003.01.17"]
[EventType "tourn"]
[EventRounds "9"]
[EventCountry "GER"]
[SourceTitle "EXT 2006"]
[Source "ChessBase"]
[SourceDate "2005.11.24"]
[SourceVersion "1"]
[SourceVersionDate "2005.11.24"]
[SourceQuality "1"]

1. b4 e5 2. Bb2 Bxb4 3. Bxe5 Nf6 4. c4 Nc6 5. Bb2 0-0 6. Nf3 d6 7. a3 Ba5 8. e3 Re8 9. Be2 Ne5 10. 0-0 c6 11. Nc3 Be6 12. d3 Nxf3+ 13. Bxf3 d5 14. Qa4 Bc7 15. cxd5 Nxd5 16. Nxd5 Bxd5 17. Qg4 Be5 18. Bxe5 Rxe5 19. Bxd5 Rxd5 20. d4 Qd6 21. Rab1 b6 22. Rfc1 Ra5 23. Rc2 Rxa3 24. Rbc1 Ra5 25. g3 c5 26. Rd1 Qe6 27. Qf3 Rc8 28. d5 Qf6 29. Qg4 Rd8 30. Kg2 Ra1 31. Rdd2 Qe5 32. Qc4 g6 33. Rd3 Rb1 34. f4 Qa1 35. Rdd2 Rg1+ 36. Kf3 Qf1+ 37. Qxf1 Rxf1+ 38. Ke2 Rh1 39. Kf3 f5 40. e4 fxe4+ 41. Kxe4 Re1+ 42. Kf3 Kf7 43. Rc3 Rd6 44. Kf2 Re7 45. Kf3 Kf6 46. g4 g5 47. Rc4 h6 48. f5 Re5 49. Re4 b5 50. Ree2 Rdxd5 51. Rxe5 Rxe5 52. Ra2 Re7 53. Ra6+ Kf7 54. Rxh6 b4 55. Rc6 b3 56. Rxc5 Rb7 57. Rc1 b2 58. Rb1 a5 59. Ke3 a4 60. Kd3 a3 61. Kc2 Rc7+ 0-1

[Event "Munich-ch VM1"]
[Site "Munich"]
[Date "2003.01.31"]
[Round "4"]
[White "Jovanovic, Momir"]
[Black "Wuerdinger, Alexander"]
[Result "0-1"]
[WhiteElo "1901"]
[BlackElo "2075"]
[PlyCount "78"]
[EventDate "2003.01.17"]
[EventType "tourn"]
[EventRounds "9"]
[EventCountry "GER"]
[SourceTitle "EXT 2006"]
[Source "ChessBase"]
[SourceDate "2005.11.24"]
[SourceVersion "1"]
[SourceVersionDate "2005.11.24"]
[SourceQuality "1"]

1. Nf3 Nf6 2. g3 g6 3. Bg2 Bg7 4. 0-0 0-0 5. d4 d5 6. b3 c5 7. Bb2 cxd4 8. Nxd4 Nbd7 9. Nf3 Nb6 10. Na3 Bf5 11. Rc1 Rc8 12. Nd2 Be6 13. Nb5 Qd7 14. a4 a6 15. Nd4 Bh3 16. N4f3 Qg4 17. Ne5 Qh5 18. Nd3 Bh6 19. Bxf6 exf6 20. e3 Bg4 21. Bf3 f5 22. Ne5 Bxf3 23. Ndxf3 Rcd8 24. Qd4 Nc8 25. Qb4 f6 26. Qxb7 fxe5 27. Nxe5 Bg7 28. Nd3 g5 29. f3 d4 30. e4 Nd6 31. Qxa6 fxe4 32. fxe4 Rfe8 33. Qa5 Nxe4 34. Rce1 Nf6 35. Nf2 Nd5 36. Ng4 Ne3 37. Nxe3 dxe3 38. c3 Rd2 39. Qb5 Qxh2# 0-1